Introducción a la producción animal /

Guardado en:
Autor Principal: Pamio, Jorge O.
Formato: Libro
Publicado: Buenos Aires : Orientación Gráfica, 1989
Materias:
Etiquetas: Agregar Etiqueta
Sin Etiquetas, Sea el primero en etiquetar este registro!
LEADER 00622nam a22001935a 4500
001 CEM.cems017187
005 20090914114934.0
008 130507s1989##################000#0#####d
003 CEMS
020 |a 9879260198 
082 0 4 |a 636 
100 1 |a Pamio, Jorge O. 
245 1 0 |a Introducción a la producción animal /  |c Jorge O. Pamio 
260 |a Buenos Aires :  |b Orientación Gráfica,  |c 1989 
300 |a 208 p. 
505 0 |a El ambiente -- El alimento -- El animal 
653 |a Producción animal 
859 |a CEMS  |b BIB. CEMS - Agricultura  |h 636  |i P19  |p A0920.09  |t Ej.1 
859 |a CEMS  |b BIB. CEMS - Agricultura  |h 636  |i P19  |p A1590.12  |t Ej.2